UBT Library

A new economic history of America / (Record no. 43259)

000 -LEADER
fixed length control field 00582cam a2200229 i 4500
001 - CONTROL NUMBER
control field 3162905
005 - DATE AND TIME OF LATEST TRANSACTION
control field 20180223072715.0
008 - FIXED-LENGTH DATA ELEMENTS--GENERAL INFORMATION
fixed length control field 750929s1976 nyua b 001 0 eng
010 ## - LIBRARY OF CONGRESS CONTROL NUMBER
LC control number 75033366
020 ## - INTERNATIONAL STANDARD BOOK NUMBER
International Standard Book Number 0070251800
040 ## - CATALOGING SOURCE
Original cataloging agency DLC
Transcribing agency DLC
Modifying agency DLC
041 ## - LANGUAGE CODE
Language code of text/sound track or separate title eng
043 ## - GEOGRAPHIC AREA CODE
Geographic area code n-us---
080 ## - UNIVERSAL DECIMAL CLASSIFICATION NUMBER
Universal Decimal Classification number 330.973
082 00 - DEWEY DECIMAL CLASSIFICATION NUMBER
Classification number 330.973 GUN
100 1# - Rafti
Rafti 16
101 ## - Shkurtesa
Shkurtesa HIS
245 12 - TITLE STATEMENT
Title A new economic history of America /
Statement of responsibility, etc Gerald Gunderson.
504 ## - BIBLIOGRAPHY, ETC. NOTE
Bibliography, etc Includes bibliographies and index.
906 ## - LOCAL DATA ELEMENT F, LDF (RLIN)
a 7
b cbc
c orignew
d 1
e ocip
f 19
g y-gencatlg
942 ## - ADDED ENTRY ELEMENTS (KOHA)
Source of classification or shelving scheme
Item type Books
Holdings
Withdrawn status Lost status Source of classification or shelving scheme Damaged status Not for loan Collection code Permanent location Current location Shelving location Date acquired Total Checkouts Full call number Barcode Date last seen Price effective from Koha item type
          Koleksioni i përgjithshem UBT - Lipjan UBT - Lipjan Koleksioni i përgjithshem 02/23/2018   330.973 GUN 002-2999693 02/23/2018 02/23/2018 Books
UBT Library © 2015-2024. All rights reserved University Education for Business and Technology